Normal view
MARC view
- Thomas B.George
Entry Personal Name
001 - CONTROL NUMBER
- control field: 112585
003 - CONTROL NUMBER IDENTIFIER
- control field: NUST
005 - DATE AND TIME OF LATEST TRANSACTION
- control field: 20230525115112.0
008 - FIXED-LENGTH DATA ELEMENTS
- fixed length control field: 230525|| aca||aabn | a|a d
040 ## - CATALOGING SOURCE
- Original cataloging agency: NUST
- Transcribing agency: NUST
100 ## - HEADING--PERSONAL NAME
- Personal name: Thomas B.George
670 ## - SOURCE DATA FOUND
- Source citation: Work cat.: (NUST): Thomas B.George, Thomas' Calculus, 2017.
